| Tag |
First Indicator |
Second Indicator |
Subfields |
| LEADER |
00000cam a22000001a 4500 |
| 001 |
in00002139506 |
| 006 |
m e d # |
| 007 |
cr mn mmmmabba |
| 008 |
870518s1764 pau s s000 0 eng d |
| 005 |
20260331152216.9 |
| 035 |
|
|
|z w031262
|
| 035 |
|
|
|a MAAR8705181902B
|
| 035 |
|
|
|9 mwa91-38048
|
| 035 |
|
|
|a 317239
|
| 035 |
|
|
|a aas03031262
|
| 040 |
|
|
|a MWA
|c MWA
|e bdrb
|d UtOrBLW
|
| 100 |
1 |
|
|a Dickinson, John,
|d 1732-1808.
|
| 245 |
1 |
0 |
|a To the King's Most Excellent Majesty in Council, the representation and petition of Your Majesty's dutiful and loyal subjects, freeholders and inhabitants of the province of Pennsylvania.
|
| 264 |
|
3 |
|a [Philadelphia] :
|b [Printed by Henry Miller?],
|c [1764]
|
| 300 |
|
|
|a 2 pages, 2 unnumbered pages ;
|c 34 cm. (folio)
|
| 336 |
|
|
|a text
|b txt
|2 rdacontent
|
| 337 |
|
|
|a computer
|b c
|2 rdamedia
|
| 338 |
|
|
|a online resource
|b cr
|2 rdacarrier
|
| 500 |
|
|
|a An unsigned petition, drawn up by John Dickinson in July 1764, protesting the General Assembly's proposal for a change from proprietary to royal government.
|
| 500 |
|
|
|a Imprint supplied by Evans.
|
| 510 |
4 |
|
|a Evans
|c 9786
|
| 530 |
|
|
|a Microform version available in the Readex Early American Imprints series.
|
| 533 |
|
|
|a Electronic text and image data.
|b [Chester, Vt. :
|c Readex, a division of Newsbank, Inc.,
|d 2002-2004.
|e Includes files in TIFF, GIF and PDF formats with inclusion of keyword searchable text.
|f (Early American imprints. First series ; no. 9786).
|
| 500 |
|
|
|a Electronic resource.
|
| 651 |
|
0 |
|a Pennsylvania
|x Politics and government
|y To 1775.
|
| 752 |
|
|
|a United States
|b Pennsylvania
|d Philadelphia.
|
| 830 |
|
0 |
|a Early American imprints.
|n Series I,
|p Evans (1639-1800) ;
|v no. 9786.
|
| 856 |
4 |
1 |
|u http://proxy.library.tamu.edu/login?url=https://opac.newsbank.com/select/evans/9786
|y Evans Digital Edition
|t 0
|
| 999 |
|
|
|a MARS
|
| 999 |
f |
f |
|s b360421f-06cf-3ad9-96c8-36ac9ac95edf
|i a05f6688-0112-32fe-b528-8280e7000b8d
|t 0
|
| 952 |
f |
f |
|a Texas A&M University
|b College Station
|c Electronic Resources
|s www_evans
|d Available Online
|t 0
|h No information provided
|
| 998 |
f |
f |
|t 0
|l Available Online
|